| 000 | 00391nam a22001217a 4500 | ||
|---|---|---|---|
| 999 |
_c1702 _d1702 |
||
| 005 | 20200903104902.0 | ||
| 008 | 200903b ||||| |||| 00| 0 eng d | ||
| 020 | _a0026409100 | ||
| 040 | _cCML | ||
| 245 |
_aCreative Living Basic Concepts in home Economics. _cFoster, J.A. |
||
| 260 |
_aCalifornia _bGlencoe Publishing Company _c1985 |
||
| 942 |
_2ddc _cBK _e3rd Edition _h640 _mFOS |
||